Word Scramble - Italy - Statistics

General Stats
  • This quiz has been taken 166 times
  • The average score is 11 of 16
Answer Stats
Hint Answer % Correct
ptsaa Pasta
96%
zipza Pizza
96%
more Rome
93%
opmpiei Pompeii
89%
nilma Milan
83%
ranodeol ad niciv Leonardo da Vinci
80%
irrraef Ferrari
75%
ogaille giealil Galileo Galilei
69%
anginel wotre fo siap Leaning Tower of Pisa
69%
tmuno sevuvsui Mount Vesuvius
64%
rcoam oopl Marco Polo
63%
sna irso San Siro
61%
mcolesosu Colosseum
58%
nogelhacmile Michelangelo
26%
oolap diamlin Paolo Maldini
23%
hilngromaib Lamborghini
9%
No matching quizzes found
Score Distribution
Percent of People with Each Score
Percentile by Number Answered
Your Score History
You have not taken this quiz